00307 2200133 4500001002100000005001500021035002000036245004300056300000800099260003400107082000800141084001200149990001200161INLIS00000000000241320250528123056 a0010-0525000705 aKaum Gaul Hari Gini!!! /cMoammar Emka a101 aJakarta :bGagas Media,c2007 a813 a813 KAU a0713430